000
00260nam a2200109Ia 4500
001
1268708
005
20260417145255.0
008
260417s9999 xx 000 0 und d
020
_a
9786256309418
245
0
_a
Nedircik
_c
İlker Şaguj
260
_b
Ketebe Genç
999
_c
1268708
_d
1268708